000 00665cam a22002293a 4500
001 15658
003 PGUSA
005 20140828083332.0
008 050419s2005||||xxu|||||s|||||000 | eng d
040 _aPGUSA
_beng
042 _adc
050 4 _aDS
100 1 _aZwemer, Amy E.
245 1 0 _aTopsy-Turvy Land :
_bArabia Pictured for Children
_h[electronic resource] /
_cAmy E. Zwemer
260 _bProject Gutenberg,
_c2005
506 _aPublic domain in the USA.
516 _aElectronic text
653 _aArabian Peninsula -- Description and travel
830 0 _aProject Gutenberg
_v15658
856 4 0 _uhttp://www.gutenberg.org/ebooks/15658
942 _cEB
999 _c244913
_d244913